|
|
|
|
| LEADER |
00828nam a2200205 a 4500 |
| 001 |
3123 |
| 008 |
130620s1986 it b i000 0 eng d |
| 010 |
|
|
|a 87121028
|
| 040 |
|
|
|a DLC
|c DLC
|d DLC
|d BD-DhAAL
|
| 082 |
0 |
0 |
|a 333.95/6
|2 19
|
| 245 |
0 |
0 |
|a Strategy for fisheries management and development.
|
| 260 |
|
|
|a Rome :
|b Food and Agriculture Organization of the United Nations,
|c c1986.
|
| 300 |
|
|
|a 26 p. ;
|c 21 cm.
|
| 504 |
|
|
|a Includes bibliographical references.
|
| 541 |
|
|
|e 3123
|
| 650 |
|
0 |
|a Fishery management.
|
| 710 |
2 |
|
|a Food and Agriculture Organization of the United Nations.
|
| 852 |
1 |
|
|a Ayesha Abed Library
|j General shelf.
|
| 999 |
|
|
|c 13615
|d 13615
|
| 952 |
|
|
|0 0
|1 0
|2 ddc
|4 0
|6 333_956000000000000_STR
|7 0
|9 22784
|a BRACUL
|b BRACUL
|c GEN
|d 2013-06-23
|g 0.00
|l 0
|o 333.956 STR
|p 3010003123
|r 2013-06-23
|t 1
|w 2013-06-23
|y BK
|z Not price in Register
|